[Event "33rd ECCC Open 2017"]
[Site "Antalya"]
[Date "2017.10.11"]
[Round "4"]
[White "Korobov, Anton"]
[Black "Mitkov, Marjan"]
[Result "1/2-1/2"]
[WhiteElo "2652"]
[BlackElo "2332"]
[Annotator "TA"]
[PlyCount "102"]
[EventType "team-tourn"]
[EventCountry "TUR"]
[SourceTitle "playchess.com"]
[Source "ChessBase"]
[SourceQuality "1"]
[WhiteTeam "Globus"]
[BlackTeam "Asseco See"]

{[%evp 11,102,3,28,28,10,17,22,7,31,34,30,26,56,44,52,46,43,46,46,41,65,24,25,14,33,25,78,83,102,100,101,92,97,81,164,94,93,93,93,92,93,104,87,39,39,39,115,120,122,135,108,89,143,107,155,0,0,0,0,0,0,0,0,0,0,0,375,200,166,0,7,7,7,7,7,7,7,7,7,7,7,7,7,7,7,7,7,7,7,7,7,7,7]} 1. d4 Nf6 2. c4 e6 3. Nc3 Bb4 4. Qc2 O-O 5. Nf3 d6 6. Bd2 Nbd7 7. a3 {E32: Nimzo-Indian: Classical (4 Qc2): 4...0-0} Bxc3 $1 8. Bxc3 Re8 (8... Qe7 9. e3 b6 10. Bd3 e5 11. dxe5 dxe5 12. Nd2 Nc5 13. Be2 Bb7 14. O-O Nfe4 15. b4 Nxc3 16. Qxc3 Nd7 {½-½ (55) Lenic,L (2641)-Carlsen,M (2840) chess.com INT 2017}) 9. e3 e5 10. dxe5 $146 ({Predecessor:} 10. Be2 Qe7 11. dxe5 dxe5 12. Nd2 Nf8 13. Ne4 Bf5 14. Bd3 Nxe4 15. Bxe4 Bxe4 16. Qxe4 {½-½ (43) Gonda,L (2490)-Ivanisevic,I (2641) Hungary 2016}) 10... dxe5 11. Be2 e4 12. Nd2 b6 13. O-O Bb7 14. b4 c5 15. Rfb1 Qc7 16. a4 cxb4 17. Rxb4 Bc6 18. Rbb1 Ne5 (18... a5 $11) 19. a5 $16 Rab8 20. axb6 axb6 21. Bd4 Re6 22. Ra6 {[%cal Ra6b6]} Nfg4 (22... Nfd7 $16 {was called for.}) 23. h3 (23. Nxe4 Bxe4 24. Qxe4 Nf3+ 25. Bxf3 Rxe4 $17) (23. Raxb6 $18 Rxb6 24. Bxb6) 23... Nf3+ 24. Nxf3 exf3 25. hxg4 fxe2 26. Qxe2 {[%cal Rb1b6]} Be4 27. Rba1 {Ra7 is the strong threat.} Rh6 {( -> ...Qh2+)} 28. f4 {Strongly threatening Be5.} Qc8 ({Black should play} 28... Qc6 $14) 29. Be5 Ra8 30. Rxa8 Bxa8 31. g5 Rc6 (31... Rg6 $142) 32. Qb2 Rg6 {[#]} 33. Ra7 $2 ({White has to play} 33. Rd1 $1 $16 h6 34. Bxg7 Rxg7 35. Qf6 (35. Qxb6 Qc6 $11)) 33... Bb7 $11 34. c5 h6 35. cxb6 hxg5 36. f5 Rc6 37. Qd4 ({Not} 37. Bxg7 $2 Rc2 $19) 37... Rc1+ 38. Kh2 Qc6 $2 {[%mdl 8192]} (38... Rc4 $11 {and Black is okay.} 39. Qd3 Rg4) 39. Rxb7 (39. Qd8+ $142 Kh7 40. Qxg5) 39... Qxb7 $18 {[#]} 40. Bxg7 $2 {[%mdl 4096] Endgame KQR-KQB} ({But not} 40. Qd8+ $6 Kh7 $14) (40. f6 $1 $18 Rc8 41. fxg7) 40... Rc6 {The position is equal.} 41. Bf6 {White wants to mate with Qd8+.} Qxb6 42. Qxb6 Rxb6 43. Bxg5 $11 {KR-KB} f6 44. Bf4 Kf7 45. g4 Rb5 46. Kg2 Ra5 47. Kf3 Rb5 48. Bd6 Rd5 49. Bb4 Rb5 50. Bc3 Rb1 51. Bd4 Rf1+ {Precision: White = 62%, Black = 47%.} 1/2-1/2

[Event "33rd ECCC Open 2017"]
[Site "Antalya"]
[Date "2017.10.11"]
[Round "4"]
[White "Grachev, Boris"]
[Black "Czebe, Attila"]
[Result "1-0"]
[WhiteElo "2645"]
[BlackElo "2467"]
[Annotator "TA"]
[PlyCount "81"]
[EventType "team-tourn"]
[EventCountry "TUR"]
[SourceTitle "playchess.com"]
[Source "ChessBase"]
[SourceQuality "1"]
[WhiteTeam "Legacy Square Capital"]
[BlackTeam "Dunajska Streda"]

{[%evp 19,81,54,56,54,52,39,39,39,39,39,37,32,57,51,52,28,43,39,61,61,65,61,53,61,57,60,57,47,74,74,75,53,58,50,54,47,50,41,41,30,28,6,37,41,41,37,45,35,121,129,361,355,553,412,1084,925,1326,1201,1201,1166,1100,1058,29991,29992]} 1. d4 g6 2. Nf3 Bg7 3. e4 d6 4. c3 Nf6 5. Bd3 O-O 6. O-O c6 7. Re1 Qc7 {B07: Pirc Defence: Miscellaneous Systems} 8. h3 e5 9. Be3 (9. Nbd2 Nbd7 10. a4 b6 11. Nf1 Bb7 12. Ng3 Rfe8 13. Bd2 Rad8 14. Qc2 d5 15. dxe5 Nxe4 16. Nxe4 dxe4 17. Bxe4 Nxe5 18. Nxe5 Bxe5 {½-½ (47) Salgado Lopez,I (2622)-Malakhov,V (2694) Dubai 2014}) 9... Re8 10. Nbd2 Nbd7 {LiveBook: 4 Games} 11. a4 b6 12. dxe5 $146 (12. b4 {is more complex.} Rb8 13. a5 b5 14. Rb1 Ba6 15. Qe2) ({Predecessor:} 12. a5 b5 13. b4 {1-0 (29) Kolanek,R (2070)-Smith,D (1628) LSS email 2012}) 12... Nxe5 13. Nxe5 dxe5 14. Qc2 Be6 15. a5 Rab8 16. axb6 axb6 17. b4 Red8 18. Ra6 c5 19. bxc5 bxc5 20. Rea1 Rb6 21. Ra7 Rb7 22. Rxb7 Qxb7 23. Bxc5 Bh6 24. Nf3 {Strongly threatening Rb1.} Nd7 25. Bd6 Bf8 26. Bxf8 Kxf8 27. Ng5 Bb3 28. Qe2 {And now Rb1 would win.} Qc7 29. Rc1 Kg7 30. Nf3 Nf8 31. Qe3 Ne6 32. Bf1 $36 {[%mdl 2048] White has the initiative.} Qd6 33. Rb1 Bc2 ({Black should try} 33... Nc5 $14) 34. Rb5 $16 Qd1 $2 {[#]} (34... Rb8 $16) 35. Nxe5 $18 Ra8 (35... Ba4 {might work better.}) 36. Ng4 g5 (36... Qd8 $142 37. Rd5 Qf8) 37. Rd5 Qb1 38. Rxg5+ Nxg5 39. Qxg5+ Kf8 40. Qc5+ Kg8 41. Nh6+ {Precision: White = 71%, Black = 37%.} 1-0

[Event "33rd ECCC Open 2017"]
[Site "Antalya"]
[Date "2017.10.11"]
[Round "4"]
[White "Hammer, Jon Ludvig"]
[Black "Lodici, Lorenzo"]
[Result "1/2-1/2"]
[WhiteElo "2632"]
[BlackElo "2407"]
[Annotator "TA"]
[PlyCount "63"]
[EventType "team-tourn"]
[EventCountry "TUR"]
[SourceTitle "playchess.com"]
[Source "ChessBase"]
[SourceQuality "1"]
[WhiteTeam "Oslo"]
[BlackTeam "Augusta Perusia"]

{[%evp 12,63,33,31,31,46,48,17,45,43,24,28,35,22,52,11,50,28,25,30,52,35,33,46,59,4,45,-26,-40,-49,-59,-106,-106,-120,-47,-101,0,0,0,0,0,0,0,0,0,0,0,0,0,0,0,0,0,0]} 1. d4 d5 2. c4 e6 3. Nc3 Nf6 4. cxd5 exd5 5. Bg5 Bb4 6. e3 h6 7. Bh4 g5 {D35: Queen's Gambit Declined: Exchange Variation} (7... c5 8. Bd3 Nc6 9. Nge2 c4 10. Bc2 g5 11. Bg3 Qe7 12. O-O O-O 13. a3 Bd6 14. Bxd6 Qxd6 15. f3 Re8 {1-0 (33) Sasikiran,K (2639)-Tari,A (2521) Berlin 2015}) 8. Bg3 Ne4 9. a3 Nxc3 $146 ({Predecessor:} 9... Bxc3+ 10. bxc3 c5 11. f3 Nxg3 12. hxg3 Nc6 13. Bd3 Qf6 14. Ne2 Bd7 15. Rb1 {0-1 (47) Kapnisis,S (2412)-Ketzetzis,G (2070) Kavala 2008}) 10. Qb3 Bxa3 11. bxc3 {[%cal Bb2c3,Bc3c4][%mdl 32]} Be7 12. Nf3 {[%mdl 1024] White has compensation.} c6 13. c4 O-O 14. h4 {Hoping for hxg5.} g4 15. Ne5 $1 h5 16. cxd5 cxd5 17. Bb5 Be6 18. Ke2 (18. Qb1 $14) 18... a6 19. Rhb1 ({Better is} 19. Bd3 $14 Nc6 20. Qxb7 Nxe5 21. Bxe5) 19... Bxh4 $11 20. Bxh4 Qxh4 21. Ba4 {[#]} Nc6 $1 {[%cal Rc6e5] White must now prevent ...Nxe5.} 22. Qd3 (22. Nxc6 $6 bxc6 23. Bxc6 Rac8 $11) 22... Ne7 (22... Qf6 $17 23. Bc2 (23. Rxb7 Bf5 $17) (23. Nxc6 bxc6 24. Rb6 Bf5 $17) 23... Qh6) 23. Rxb7 {[#]} (23. g3 $15 Qf6 24. Rb6 (24. Rxb7 Rab8 $11)) 23... Rab8 (23... Nf5 $1 $17 24. Qd1 g3) 24. Rxe7 $1 {Threatens to win with Bc2!The position is equal.} ({Wrong is} 24. Qxa6 $2 Bc8 $19) ({But not} 24. Bc2 $2 Bf5 $19) 24... Rb2+ 25. Bc2 Rxc2+ $1 ({Weaker is} 25... Qxe7 26. Qh7#) 26. Qxc2 Qxe7 27. Ng6 fxg6 28. Qxg6+ Kh8 {Strongly threatening ...Qh7.} 29. Qh6+ $1 Kg8 30. Qg6+ Kh8 {aiming for ...Qh7.} 31. Qh6+ $1 Kg8 {And now ...Qf7 would win.} 32. Qg6+ {Precision: White = 40%, Black = 42%.} 1/2-1/2

[Event "33rd ECCC Open 2017"]
[Site "Antalya"]
[Date "2017.10.11"]
[Round "4"]
[White "Safarli, Eltaj"]
[Black "Schoppen, Casper"]
[Result "1-0"]
[WhiteElo "2632"]
[BlackElo "2440"]
[Annotator "TA"]
[PlyCount "85"]
[EventType "team-tourn"]
[EventCountry "TUR"]
[SourceTitle "playchess.com"]
[Source "ChessBase"]
[SourceQuality "1"]
[WhiteTeam "Odlar Yurdu"]
[BlackTeam "Leiden"]

{[%evp 14,84,45,9,93,114,133,125,136,130,126,136,143,139,119,118,134,133,125,122,112,108,110,105,118,110,105,112,140,150,140,140,157,126,154,148,144,115,174,162,179,189,173,192,191,182,183,175,203,203,221,222,333,350,435,435,435,417,410,405,438,393,1435,1428,1358,1336,1206,1105,5021,12834,29996,29997,29999]} 1. e4 e5 2. Nf3 Nc6 3. Bb5 Nf6 4. d3 Bc5 5. c3 {[%cal Bc2c3,Bc3d4,Bd4d5][%mdl 32]} d6 (5... O-O 6. Bg5 h6 7. Bh4 Be7 8. O-O d6 9. Bg3 Bg4 10. h3 Bh5 11. Nbd2 Nd7 12. d4 exd4 13. Bxc6 bxc6 14. cxd4 {½-½ (34) Grandelius,N (2653)-Caruana,F (2799) Douglas 2017}) 6. d4 {C65: Ruy Lopez: Berlin Defence (3...Nf6), unusual lines and 4 0-0 Bc5} exd4 7. cxd4 Bb4+ 8. Kf1 {LiveBook: 9 Games. aiming for Qa4.White is slightly better.} O-O $146 {[#]} ({Avoid the trap} 8... Nxe4 $2 9. a3 $18) (8... d5 $1 $11) ({Predecessor:} 8... d5 9. e5 Nd7 10. Qb3 Be7 11. Qxd5 O-O 12. Nc3 Nb4 13. Qe4 {1-0 (62) Poetz,F (2411)-Rabiega,R (2515) Austria 2012}) 9. Qa4 $1 $16 Qe8 10. a3 Ba5 11. d5 a6 12. Bxc6 bxc6 13. Qxa5 Qxe4 {White must now prevent ...Qc4+.} 14. Nc3 Qd3+ 15. Kg1 Nxd5 16. h3 Nxc3 17. Qxc3 Qxc3 18. bxc3 Bf5 19. Kh2 c5 20. Bd2 f6 21. c4 a5 22. a4 Rfe8 23. Ra3 Re4 24. Rb1 Rxc4 25. Rb5 Be4 (25... Bc8 $16 26. Rxa5 Ba6) 26. Rxa5 $18 Kf7 27. Rxa8 Bxa8 28. Ba5 Ke6 29. Bxc7 Kd7 {[#]} 30. Bb6 $1 Kc6 31. a5 Rc2 32. Kg3 d5 (32... Re2 {is a better defense.} 33. Nh4 Re5) 33. Ne1 Rd2 34. Rc3 c4 35. Nf3 Rd1 36. Nd4+ Kd6 37. Re3 Bb7 $2 (37... Rd3 38. Rxd3 cxd3) 38. Nf5+ Kc6 39. Re6+ Kb5 40. Nd6+ Ka6 41. Re7 c3 42. Rxb7 {[%csl Gb6][%cal Rb7a7]} c2 43. Ra7# {Precision: White = 91%, Black = 38%.} 1-0

[Event "33rd ECCC Open 2017"]
[Site "Antalya"]
[Date "2017.10.11"]
[Round "4"]
[White "Erdos, Viktor"]
[Black "Kveinys, Aloyzas"]
[Result "1/2-1/2"]
[WhiteElo "2624"]
[BlackElo "2535"]
[Annotator "TA"]
[PlyCount "81"]
[EventType "team-tourn"]
[EventCountry "TUR"]
[SourceTitle "playchess.com"]
[Source "ChessBase"]
[SourceQuality "1"]
[WhiteTeam "Baia Mare"]
[BlackTeam "Riga"]

{[%evp 32,81,50,51,44,36,60,44,52,45,43,45,62,29,38,25,71,31,41,45,90,78,100,84,90,88,74,39,18,20,28,41,33,9,0,5,2,0,0,0,0,0,0,0,0,0,0,2,2,0,0,0]} 1. Nf3 c5 2. c4 g6 3. e4 Bg7 4. d4 cxd4 5. Nxd4 Nc6 6. Be3 Nf6 7. Nc3 d6 8. Be2 O-O 9. O-O Bd7 10. Qd2 Nxd4 11. Bxd4 Bc6 12. f3 Nd7 13. Bf2 a5 14. b3 Nc5 15. Rab1 Be5 {B38: Sicilian: Maroczy Bind with 5...Bg7 and 7...0-0} (15... e6 16. Bd1 Qe7 17. Bc2 Rfd8 18. Rfe1 Be8 19. Bd4 Qf8 20. Bxg7 Qxg7 21. f4 Bc6 22. a3 b6 23. Re3 {1-0 (35) Mareco,S (2645)-Hoffman,A (2482) Montevideo 2017}) 16. Bd1 e6 17. Bc2 {LiveBook: 5 Games} Qe7 {White is slightly better.} 18. Rfe1 Rfd8 $146 ({Predecessor:} 18... b6 19. a3 Rfc8 20. f4 Bg7 21. b4 axb4 22. axb4 Ra3 23. Nd5 exd5 24. exd5 {½-½ (49) Quintiliano Pinto,R (2441)-Arenas Vanegas,D (2496) San Salvador 2016}) 19. a3 Be8 20. b4 axb4 21. axb4 Na6 22. Red1 Rdc8 23. Bd3 g5 24. Bf1 Qf6 25. Bd4 Nb8 26. Bxe5 Qxe5 27. Rbc1 Na6 28. Nb5 Rd8 29. Nxd6 {Threatens to win with c5.} Ba4 30. Qd4 Qxd4+ 31. Rxd4 {[#] And now c5 would win.} Nxb4 32. c5 Nc6 {The position is equal.} 33. Rd2 {Black should prevent Ra2.} Ne5 34. Rb2 Bc6 35. Nxb7 Rdb8 36. Rcb1 Rxb7 37. Rxb7 Bxb7 38. Rxb7 Rc8 39. Rb5 h6 40. Kf2 Nd7 41. Ke3 {Precision: White = 36%, Black = 70%.} 1/2-1/2

[Event "33rd ECCC Open 2017"]
[Site "Antalya"]
[Date "2017.10.11"]
[Round "4"]
[White "Khairullin, Ildar"]
[Black "Mikhalevski, Victor"]
[Result "1/2-1/2"]
[WhiteElo "2614"]
[BlackElo "2547"]
[Annotator "TA"]
[PlyCount "91"]
[EventType "team-tourn"]
[EventCountry "TUR"]
[SourceTitle "playchess.com"]
[Source "ChessBase"]
[SourceQuality "1"]
[WhiteTeam "Mednyi Vsadnik"]
[BlackTeam "Beer Sheva"]

{[%evp 9,91,22,22,33,22,19,41,22,26,20,33,25,38,28,28,31,40,22,27,28,32,25,211,211,212,209,225,225,218,192,173,185,188,180,264,262,572,605,575,553,585,363,358,58,69,51,57,51,66,72,176,70,72,74,96,0,0,0,0,-8,-8,-8,-8,-8,-8,-8,-8,-8,-8,-21,0,0,0,0,0,0,0,0,0,0,0,0,0,0]} 1. Nf3 Nf6 2. c4 g6 3. Nc3 d5 4. cxd5 Nxd5 5. h4 Bg7 6. e4 {A16: English Opening: 1...Nf6 with ...d5} Nxc3 7. dxc3 Qxd1+ 8. Kxd1 {White is slightly better.} Nd7 9. Nd4 Nc5 $146 ({Predecessor:} 9... e5 10. Nb5 Kd8 11. Kc2 a6 12. Na3 b5 13. Nb1 {1-0 (57) Kravtsiv,M (2657)-Swiercz,D (2637) Martuni 2017}) 10. f3 $1 Bd7 11. Be3 O-O-O 12. Kc2 a6 13. Bc4 e5 14. Nb3 $36 {[%mdl 2048] White has good play.} Nxb3 15. axb3 b5 $2 (15... f5 $1 $11) 16. Bxf7 $18 Rdf8 17. Bd5 c6 18. Rxa6 cxd5 19. Ra8+ ({Don't take} 19. exd5 $6 Rf7) 19... Kc7 20. Ra7+ Kc8 21. exd5 Rf7 (21... Bf5+ $142 22. Kd2 Rd8) 22. Kd2 Bf8 $2 (22... Kb8 {is more resistant.} 23. Rha1 Rc8) 23. Ra8+ Kc7 24. Rha1 $1 h5 25. R1a6 Rfh7 26. Rb6 $2 (26. R8a7+ $18 Kd8 27. Ra8+ Kc7 28. d6+ $1 {[%mdl 512]} Kb7 29. c4) 26... Bc5 $1 $14 {[%cal Rc5e3]} 27. Rxh8 Bxe3+ 28. Kxe3 Rxh8 29. Rxg6 {[%mdl 4096] Endgame Threatens to win with c4. KRB-KR} Ra8 {[#]} (29... Bf5 $16 30. Rg5 Bc2) 30. g4 (30. c4 $1 $18) 30... hxg4 31. fxg4 {aiming for h5.} Ra2 32. c4 ({White should try} 32. h5 $16) 32... Rxb2 $11 {The position is equal.} 33. cxb5 Bxb5 34. Re6 Rxb3+ 35. Ke4 Rb4+ 36. Kxe5 Rxg4 37. Re7+ Bd7 38. Rh7 Rg1 39. h5 Rg5+ 40. Kf6 Rxd5 41. h6 Kd6 42. Rxd7+ Kxd7 43. h7 Rh5 44. Kg7 Ke7 45. h8=Q Rxh8 46. Kxh8 {Precision: White = 62%, Black = 47%.} 1/2-1/2

[Event "33rd ECCC Open 2017"]
[Site "Antalya"]
[Date "2017.10.11"]
[Round "4"]
[White "Bartel, Mateusz"]
[Black "Dubrovin, Daniel"]
[Result "1-0"]
[WhiteElo "2613"]
[BlackElo "1877"]
[Annotator "TA"]
[PlyCount "49"]
[EventType "team-tourn"]
[EventCountry "TUR"]
[SourceTitle "playchess.com"]
[Source "ChessBase"]
[SourceQuality "1"]
[WhiteTeam "Novy Bor"]
[BlackTeam "MAKABI"]

{[%evp 21,49,47,64,47,103,88,86,94,134,118,142,93,84,50,45,7,91,94,95,87,103,89,193,200,438,431,447,438,555,545]} 1. e4 e5 2. Nf3 Nc6 3. Bb5 a6 4. Ba4 d6 5. O-O Nf6 6. Bxc6+ bxc6 7. d4 exd4 8. Nxd4 c5 9. Nc6 {C79: Ruy Lopez: Steinitz-type lines with 3...a6 4 Ba4 Nf6 5 0-0 d6} (9. Nf5 Bxf5 10. exf5 Be7 11. c4 O-O 12. Nc3 Nd7 13. Bd2 Bf6 14. Qh5 Re8 15. Rae1 Bd4 16. b3 h6 {1-0 (49) Kotronias,V (2580)-Tomashevsky,E (2719) Legnica 2013}) 9... Qd7 10. Na5 Be7 11. Nc3 O-O {LiveBook: 6 Games} 12. Bf4 Rd8 $146 (12... Bd8 $14) ({Predecessor:} 12... Rb8 13. b3 Re8 14. h3 Bf8 15. Re1 Re6 16. Qf3 Qe8 {1-0 (60) Bryant,J (2409)-Nasri,A (2292) Orange 2015}) 13. h3 Rb8 14. b3 {[%cal Bb2b3,Bb3b4][%mdl 32]} Rb4 15. Qf3 Re8 16. a3 Rd4 17. Be3 Bd8 {[%cal Rf6e4]} 18. b4 c6 (18... Nxe4 $11 {remains equal.} 19. Bxd4 Nd2) 19. Bxd4 $16 cxd4 {[#]} 20. Ne2 $1 Nxe4 21. Nxd4 Bxa5 {[#]} (21... Nd2 $16 22. Qxc6 Nxf1 23. Rxf1 Bc7) 22. Rfe1 $1 $18 ({Don't play} 22. bxa5 $6 Nd2 $16) 22... Ng5 $2 (22... Bxb4 {was called for.} 23. axb4 d5) 23. Qxc6 {White is clearly winning.} Rd8 {...Bc7 would now be nice for Black.} 24. bxa5 h6 25. Rab1 {Precision: White = 80%, Black = 29%.} 1-0

[Event "33rd ECCC Open 2017"]
[Site "Antalya"]
[Date "2017.10.11"]
[Round "4"]
[White "Popov, Ivan"]
[Black "Csonka, Attila Istvan"]
[Result "1-0"]
[WhiteElo "2609"]
[BlackElo "2347"]
[Annotator "TA"]
[PlyCount "51"]
[EventType "team-tourn"]
[EventCountry "TUR"]
[SourceTitle "playchess.com"]
[Source "ChessBase"]
[SourceQuality "1"]
[WhiteTeam "Legacy Square Capital"]
[BlackTeam "Dunajska Streda"]

{[%evp 20,51,45,37,33,26,43,41,40,48,46,41,44,43,52,62,170,152,152,81,179,175,208,202,316,328,314,304,315,314,308,311,287,261]} 1. e4 c5 2. Nf3 e6 3. d4 cxd4 4. Nxd4 Nc6 5. Nc3 Qc7 6. Be3 a6 7. Qf3 {B48: Sizilianisch (Paulsen-Variante)} (7. a3 Nf6 8. f4 d6 9. Qf3 Nxd4 10. Bxd4 b5 11. Bd3 Bb7 12. Bxf6 gxf6 13. f5 Be7 14. O-O Qc5+ 15. Kh1 h5 16. fxe6 fxe6 17. a4 {1-0 (32) Grischuk,A (2783)-Cori Tello,J (2641) Tbilisi 2017}) 7... Nf6 8. O-O-O Ne5 9. Qg3 b5 10. f4 Neg4 11. Bg1 {LiveBook: 17 Partien} b4 12. Na4 {Droht stark e5.} h5 13. Bd3 d5 14. e5 Ne4 15. Bxe4 dxe4 {[#]} 16. Nb3 $146 {Schwarz muss nun Lb6 beachten.} Bb7 17. Bc5 {Und Ld6 würde nun gewinnen.} Nh6 ({Günstiger ist} 17... e3 $14) 18. Bd6 $36 {[%mdl 2048] Weiss hat starke Initiative.} Qc6 {zielt auf ...Sf5 ab.} 19. Bxf8 (19. Nac5 $142 Nf5 20. Qg5) 19... Kxf8 (19... Nf5 $16 20. Qg5 Rxf8) 20. Nac5 {Und weiter mit Dg5 wäre nett.} Kg8 {[#]} 21. Rd7 $1 Rb8 (21... Nf5 $142 22. Qh3 Rh6) 22. Nd4 {[%cal Bb3d4,Bd4e6,Be6c5][%mdl 32] Weiß hat entscheidenden Vorteil.} Qxc5 {[#]} 23. Nxe6 $1 {[%csl Ge6][%cal Rg3g7][%mdl 512]} Nf5 (23... fxe6 24. Qxg7#) 24. Nxc5 Nxg3 25. hxg3 ({Schlechter ist} 25. Rxb7 Rxb7 26. hxg3 Ra7 $11) 25... Bc6 26. Rd6 {Precision: Weiß = 84%, Schwarz = 28%.} ({Auf keinen Fall} 26. Nxa6 $6 Bxd7 27. Nxb8 Bb5 $16) 1-0

[Event "33rd ECCC Open 2017"]
[Site "Antalya"]
[Date "2017.10.11"]
[Round "4"]
[White "Vocaturo, Daniele"]
[Black "Sanal, Vahap"]
[Result "0-1"]
[WhiteElo "2607"]
[BlackElo "2549"]
[Annotator "TA"]
[PlyCount "92"]
[EventType "team-tourn"]
[EventCountry "TUR"]
[SourceTitle "playchess.com"]
[Source "ChessBase"]
[SourceQuality "1"]
[WhiteTeam "Padova"]
[BlackTeam "Besiktas"]

{[%evp 24,92,38,28,43,20,40,31,74,77,111,52,69,64,73,67,50,0,51,29,31,10,40,-47,-40,-86,-81,-84,-78,-126,-125,-118,-102,-150,-126,-137,-92,-112,-110,-106,-110,-106,-109,-108,-112,-178,-180,-201,-218,-333,-303,-512,-137,-495,-485,-512,-488,-467,-431,-564,-527,-554,-535,-650,-618,-1131,-1170,-1537,-1484,-1428,-1285]} 1. e4 e5 2. Nf3 Nc6 3. Bb5 a6 4. Ba4 Nf6 5. O-O Be7 6. Re1 b5 7. Bb3 O-O 8. c3 {[%cal Bc2c3,Bc3c4][%mdl 32]} d6 9. h3 Nb8 10. d4 Nbd7 11. c4 c6 12. Nc3 Bb7 13. a3 {LiveBook: 39 Games} Rc8 {C95: Closed Ruy Lopez: Breyer Variation with 10 d4} (13... h6 14. Be3 Re8 15. Ba2 Bf8 16. Qb3 Qe7 17. Nh4 exd4 18. Nf5 Qd8 19. Bxd4 Re6 20. cxb5 axb5 21. Rad1 Nb6 22. Re3 {1-0 (46) Safarli,E (2664)-Alekseev,E (2633) Nakhchivan 2016}) 14. cxb5 $146 ({Predecessor:} 14. Bg5 Re8 15. Bxf6 Bxf6 16. d5 cxd5 17. cxb5 d4 18. bxa6 Bxa6 19. Nd5 Nb6 20. Rc1 Rc5 21. Qd2 {½-½ (21) Wantiez,F (2300)-Sriram,J (2458) Reunion 2007}) 14... axb5 15. Ba2 Ne8 {White is slightly better.} 16. Be3 Nc7 17. Qd2 (17. dxe5 $16 dxe5 18. Re2) 17... c5 $14 18. dxc5 Nxc5 19. Bxc5 dxc5 20. Qxd8 Rcxd8 ({Black should try} 20... Rfxd8 $11 21. Nxe5 c4) 21. Nxe5 c4 22. Rad1 Bf6 {Hoping for ...Rxd1.} 23. Nf3 (23. Nd7 $14 Bxc3 24. bxc3) 23... Bxc3 $15 24. Rxd8 Rxd8 25. bxc3 Ra8 $1 {[%cal Ra8a3]} 26. Rd1 Bxe4 27. Nd4 g6 28. Bb1 Bb7 29. Ne2 Bc6 30. Rd6 Be8 31. Be4 Rxa3 32. Rd8 Kf8 33. Rc8 Ra7 34. Nd4 {[#]} (34. f3 $17) 34... Ke7 $1 $19 35. Bc6 Bd7 36. Bxd7 (36. Rb8 $142) 36... Kxd7 {[%mdl 4096] Endgame KRN-KRN} 37. Rf8 $2 (37. Rb8 {might work better.}) 37... Ra1+ 38. Kh2 {[#]} Ne6 $1 {[%cal Re6f8] Black is clearly winning.} 39. Nxe6 Kxe6 {KR-KR} (39... fxe6 $2 40. Rb8 $19) 40. Rb8 Rb1 41. Kg3 Rb3 42. Kf4 Kd5 43. Rb7 Kc6 44. Rxf7 Rxc3 45. Ke4 b4 46. Kd4 Rc2 {Precision: White = 39%, Black = 73%.} 0-1

[Event "33rd ECCC Open 2017"]
[Site "Antalya"]
[Date "2017.10.11"]
[Round "4"]
[White "Mamedov, Nidjat"]
[Black "Tratar, Marko"]
[Result "1-0"]
[WhiteElo "2596"]
[BlackElo "2456"]
[Annotator "TA"]
[PlyCount "63"]
[EventType "team-tourn"]
[EventCountry "TUR"]
[SourceTitle "playchess.com"]
[Source "ChessBase"]
[SourceQuality "1"]
[WhiteTeam "Genc"]
[BlackTeam "Bonnevoie"]

{[%evp 16,63,7,4,22,18,54,30,73,20,66,0,0,-46,-42,-43,-36,-48,-48,-51,-46,-18,61,66,133,145,114,96,403,373,561,559,675,656,29983,29984,29984,29985,29985,29986,29986,29987,29986,29987,29988,29989,29989,29990,29994,29995]} 1. e4 e6 2. d4 d5 3. Nc3 Nf6 4. e5 Nfd7 5. f4 c5 6. Nf3 Nc6 7. Be3 Be7 8. dxc5 O-O 9. Qd2 Qa5 {C11: French: Classical System: 4 e5 and 4 Bg5 dxe4} 10. O-O-O b6 11. Bb5 Nb4 {White has an edge.} 12. a3 (12. Kb1 $16) 12... bxc5 13. Bxd7 ({Weaker is} 13. axb4 cxb4 14. Na4 Qxb5 $17) ({White should try} 13. Kb1 $14) 13... Bxd7 $11 14. axb4 (14. f5 $5) 14... cxb4 15. Nb1 Rfc8 16. Nd4 Qa2 17. f5 exf5 {[#]} 18. Qf2 $146 g6 {[#]} (18... a5 $11) 19. g4 $1 $14 {[%cal Rg4f5]} fxg4 (19... Rc4 $1 $14) 20. Rdf1 $36 {[%mdl 2048] Keeping Black busy.} Be8 21. Rhg1 a5 $2 {[%mdl 8192]} (21... Rc7 $16) 22. Rxg4 $18 b3 (22... Bf8 $142 23. e6 f6) 23. c3 a4 24. e6 {[%cal Re6f7]} a3 25. exf7+ {White mates.} Bxf7 26. Qxf7+ Kh8 27. Qxe7 Qxb2+ 28. Kd1 {[%cal Bc1d1,Bd1e2,Be2f3,Bf3g3][%mdl 32]} Qxb1+ 29. Ke2 Qb2+ 30. Kf3 Rf8+ 31. Rf4 Kg8 32. Kg3 {Precision: White = 90%, Black = 12%.} 1-0